000 00882nas a2200301 4500
001 BR0103127
003 BR-BrBNA
005 20231205102329.0
007 ta
008 230509b bl.|||p| |||| 00| 00por d
040 _aBR-BrBNA
_bpor
_cBiblioteca Nacional de Agricultura
041 _a(Pt)
072 _aF03
100 1 _aGomes, P.R.
100 1 _aEmygdio, B.M.
100 1 _aMaia, M. de S.
100 1 _aRocha, B.H.G.
245 1 _aAssociacao entre isoenzimas e coloracao do tegumento de sementes de feijao miudo (Vigna unguiculata W.)
650 _aFeijao de Corda
650 _aSemente
650 _aTegumento
650 _aCor
650 _aAtividade Enzimica
650 _aQualidade
773 0 _tRevista Cientifica Rural (Brazil)
_xISSN 1413-8263
_g(2000), v. 5(2) p. 59-62
_wBR0103127
909 _a202311
_bLúcia
_c55
_dLúcia Elande
942 _2AGRIS
_n0
_cANA
999 _c167009
_d167009